Rozenfeld w trybach historii

Titel: Rozenfeld w trybach historii : z Aleksandrem Rozenfeldem rozmawia Anna Jarmusiewicz
Verfasser:
Beteiligt:
Veröffentlicht: Warszawa : Oficyna Wydawnicza Łośgraf, 2010
Umfang: 314 S. : Ill.
Format: Buch
Sprache: Polnisch
RVK-Notation:
Schlagworte:
ISBN: 9788362726097 ; 8362726091
Buchumschlag
X
Lokale Klassifikation: 2 R 1328
alg: 26769803
001A    $00030:29-06-11 
001B    $01999:14-08-17 $t01:27:08.000 
001C    $00030:20-05-15 $t16:50:47.000 
001D    $00030:29-06-11 
001U    $0utf8 
001X    $00 
002@    $0Aau 
003@    $0267698038 
003O    $0729937589 $aOCoLC 
004A    $A978-83-62726-09-7 
004A    $083-62726-09-1 
007A    $0267698038 $aHEB 
007T    $0Herdhh267698038 
009P    $qapplication/pdf $A2 $3Inhaltsverzeichnis $uhttp://scans.hebis.de/HEBCGI/show.pl?26769803_toc.pdf $mV:DE-603;B:DE-30 
010@    $apol 
011@    $a2010 $n2010 
021A    $aRozenfeld w trybach historii $dz Aleksandrem Rozenfeldem rozmawia Anna Jarmusiewicz 
028A    $#Rozenfeld, Aleksander $#Rosenfeld, Alexander $7138628947 $8Rozenfeld, Aleksander$Z1941- [Tp1] $9213758717 
028B/01 $#Jarmusiewicz, Anna $#Baniewicz, Anna $7131450824 $8Jarmusiewicz, Anna$Z1947- [Tp3] $9176274928 
033A    $pWarszawa $nOficyna Wydawnicza Łośgraf 
034D    $a314 S. 
034M    $aIll. 
044K    $#Rozenfeld, Aleksander $#Rosenfeld, Alexander $7138628947 $8Rozenfeld, Aleksander$Z1941- [Tp1] $9213758717 
045Z    $8NY 9000 [Tkv] $9410953628 

lok: 26769803 3
101B    $009-08-11 $t09:11:22.000 
101C    $029-06-11 
101U    $0utf8 
144Z/20 $aj11aug 
145S/06 $a770 
145Z/01 $a900 Ad 0100 Rozenfeld, A. 
145Z/02 $a900 T 246 Ma 0163 Rozenfeld, A. 

exp: 26769803 3 1 #EPN
201B/01 $029-06-11 $t14:52:20.000 
201C/01 $029-06-11 
201U/01 $0utf8 
203@/01 $0622357638 
208@/01 $a29-06-11 $bzAa 
209A/01 $a89.480.97 $du $f000 $h89 480 97 $x00 
209G/01 $a89480973 $x00 
247C/01 $8601000-3 <30>Frankfurt, Universitätsbibliothek J. C. Senckenberg, Zentralbibliothek (ZB) $9102598258 

lok: 26769803 24
101B    $009-01-12 $t16:39:47.000 
101C    $009-01-12 
101U    $0utf8 
145Z/01 $a2 R 1328 

exp: 26769803 24 1 #EPN
201B/01 $030-11-11 $t13:46:43.000 
201C/01 $012-08-11 
201U/01 $0utf8 
203@/01 $0628226446 
208@/01 $a30-11-11 $bz 
209A/01 $a11.09117 $du $f050 $h11 09117 $x00 
209C/01 $a11.09117 K $h11 09117 K 
209G/01 $a72914708 $x00 
220C/01 $anie 
244Z/01 $#Rozenfeld, Aleksander $#Rosenfeld, Alexander $7138628947 $8--Tp1--Rozenfeld, Aleksander$Z1941- $x01 $9213758717 
247C/01 $8358050-7 Marburg, Bibliothek des Herder-Instituts Marburg $9102600961 

lok: 26769803 78

exp: 26769803 78 1 #EPN
201B/01 $019-04-17 $t21:59:16.000 
201U/01 $0utf8 
203@/01 $079336390X 
208@/01 $a12-11-16 $be 
209A/01 $a/ $f000 $x00 
237A/01 $aweiterführende Signatur(en): Herder-Institut: 11.09117 
244Z/01 $aRozenfeld, Aleksander $x01 
244Z/01 $2Trx $8--Trx--Monographie $x02 $9391384546 
247C/01 $82080>Marburg/Lahn, Herder-Institut, Forschungsbibliothek, Bibliographieportal $9336309341
LEADER 00000cam a2200000 c 4500
001 267698038
003 DE-603
005 20170814012708.0
007 tu
008 110629s2010 xx |||| | u00||u|pol c
020 |a 9788362726097 
020 |a 8362726091 
035 |a (DE-599)HEB267698038 
035 |a (OCoLC)729937589 
040 |a DE-603  |b ger  |c DE-603  |d DE-603 
041 |a pol 
084 |a NY 9000  |0 (DE-625)132375:  |0 (DE-603)410953628  |2 rvk 
100 1 |a Rozenfeld, Aleksander  |d 1941-  |0 (DE-603)213758717  |0 (DE-588)138628947  |2 gnd 
245 0 0 |a Rozenfeld w trybach historii  |b z Aleksandrem Rozenfeldem rozmawia Anna Jarmusiewicz 
264 1 |a Warszawa  |b Oficyna Wydawnicza Łośgraf  |c 2010 
300 |a 314 S.  |b Ill. 
600 1 7 |a Rozenfeld, Aleksander  |d 1941-  |0 (DE-588)138628947  |0 (DE-603)213758717  |2 gnd 
700 1 |a Jarmusiewicz, Anna  |d 1947-  |0 (DE-603)176274928  |0 (DE-588)131450824  |2 gnd 
856 4 2 |m V:DE-603;B:DE-30  |q application/pdf  |u http://scans.hebis.de/HEBCGI/show.pl?26769803_toc.pdf  |3 Inhaltsverzeichnis 
924 0 |9 30  |a (DE-603)622357638  |b DE-30  |c HES  |d c  |g 89.480.97 
924 0 |9 Mb 50  |a (DE-603)628226446  |b DE-Mb50  |c HES  |d c  |g 11.09117 
924 0 |9 2080  |a (DE-603)79336390X  |b DE-2080  |c HES  |d d  |g /